Every Major City in Peru - Statistics

General Stats
  • This quiz has been taken 20 times
  • The average score is 4 of 6
Answer Stats
Answer % Correct
Lima
100%
Arequipa
83%
Trujillo
72%
Cuzco
67%
Iquitos
44%
Chiclayo
28%
No matching quizzes found
Score Distribution
Percent of People with Each Score
Percentile by Number Answered
Your Score History
You have not taken this quiz